Euro - spoľahlivá mena?
Ekonomická situácia v Eurozóne. Menová a úroková politika ECB a prístup k riadeniu likvidity. Dopad finančnej a ekonomickej krízy a plnenie konvergentných kritérií. Perspektíva a výkonnosť krajín menovej únie.
Enregistré dans:
| Auteur principal: | |
|---|---|
| Format: | Chapitre de livre |
| Langue: | slovaque |
| Sujets: | |
| Tags: |
Pas de tags, Soyez le premier à ajouter un tag!
|
MARC
| LEADER | 00000naa$a2200000$$$4500 | ||
|---|---|---|---|
| 001 | 0125269 | ||
| 005 | 20240502072428.6 | ||
| 041 | 0 | |a slo | |
| 044 | |a SK | ||
| 245 | 1 | 0 | |a Euro - spoľahlivá mena? |c Miloš Bikár |
| 520 | |a Ekonomická situácia v Eurozóne. Menová a úroková politika ECB a prístup k riadeniu likvidity. Dopad finančnej a ekonomickej krízy a plnenie konvergentných kritérií. Perspektíva a výkonnosť krajín menovej únie. | ||
| 610 | 2 | 0 | |a euro |
| 610 | 2 | 0 | |a sústava menová |
| 610 | 2 | 0 | |a eurozóna |
| 610 | 2 | 0 | |a politika menová |
| 610 | 2 | 0 | |a politika fiškálna |
| 610 | 2 | 0 | |a kurz výmenný |
| 610 | 2 | 0 | |a banky centrálne |
| 610 | 2 | 0 | |a konvergencia |
| 100 | 1 | |a Bikár, Miloš, 1973- | |